BUBT Library Online Catalog

Transfer of Property Act (Record no. 2253)

000 -LEADER
fixed length control field 00651nam a2200217Ia 4500
003 - CONTROL NUMBER IDENTIFIER
control field BUBTL
008 - FIXED-LENGTH DATA ELEMENTS--GENERAL INFORMATION
fixed length control field 151213s9999 xx 000 0 und d
082 ## - DEWEY DECIMAL CLASSIFICATION NUMBER
Classification number 346.052/M215t
100 ## - MAIN ENTRY--PERSONAL NAME
Personal name Mahmood, S.H Shaikat
9 (RLIN) 3914
245 ## - TITLE STATEMENT
Title Transfer of Property Act
Statement of responsibility, etc. S.H Shaikat Mahmood ,S.H Nadeem Shaikat
250 ## - EDITION STATEMENT
Edition statement 3rd
260 ## - PUBLICATION, DISTRIBUTION, ETC. (IMPRINT)
Place of publication, distribution, etc. Pakisthan
Name of publisher, distributor, etc. Legal Research Center
Date of publication, distribution, etc. c 2003
300 ## - PHYSICAL DESCRIPTION
Extent [viii] , 1083p . :
Other physical details 21 cm.
500 ## - GENERAL NOTE
General note Includes Index
650 ## - SUBJECT ADDED ENTRY--TOPICAL TERM
Topical term or geographic name as entry element Law
9 (RLIN) 3915
650 ## - SUBJECT ADDED ENTRY--TOPICAL TERM
Topical term or geographic name as entry element Law
9 (RLIN) 3915
700 ## - ADDED ENTRY--PERSONAL NAME
Personal name S.H Shaikat Mahmood ,S.H Nadeem Shaikat
9 (RLIN) 3916
856 ## - ELECTRONIC LOCATION AND ACCESS
Password 0
Logon 0
Link text Download
942 ## - ADDED ENTRY ELEMENTS (KOHA)
Source of classification or shelving scheme
Koha item type Books
Holdings
Withdrawn status Lost status Source of classification or shelving scheme Damaged status Not for loan Collection code Permanent location Current location Shelving location Date acquired Inventory number Total Checkouts Full call number Barcode Date last seen Copy number Price effective from Koha item type
        Not For Loan Non-fiction Bangladesh University of Business and Technology Library Bangladesh University of Business and Technology Library Law Stacks 02/17/2021 3210   346.052/M215t BUBTL-20033210 02/17/2021 C-1 02/17/2021 Books
          Non-fiction Bangladesh University of Business and Technology Library Bangladesh University of Business and Technology Library Law Stacks 02/17/2021 3211   346.052/M215t BUBTL-20033211 02/17/2021 C-1 02/17/2021 Books
          Non-fiction Bangladesh University of Business and Technology Library Bangladesh University of Business and Technology Library Law Stacks 02/17/2021 5876   346.052/M215t BUBTL-20035876 02/17/2021 C-3 02/17/2021 Books
        Not For Loan Non-fiction Bangladesh University of Business and Technology Library Bangladesh University of Business and Technology Library Law Stacks 02/17/2021 5877   346.052/M215t BUBTL-20035877 02/17/2021 C-4 02/17/2021 Books
          Non-fiction Bangladesh University of Business and Technology Library Bangladesh University of Business and Technology Library Law Stacks 02/17/2021 5879   346.052/M215t BUBTL-20035879 02/17/2021 C-5 02/17/2021 Books

More Information About Library

Library Hours

  • Open: 9.00 am. to 9.00 pm.
  • Only Sunday: 9.00 am. to 6.00 pm.
  • Closed: Holiday

Contact to the University

Bangladesh University of Business and Technology Library

  • Mirpurl-2, 1216.
  • Phone:
  • Fax:
  • E-Mail: admin.library@bubt.edu.bd

Contact to the Library

Contact Person:

Md. Abdul Hakim Shah
Joint Librarian
PABX No:  113
Cell No: 01816332931
E-mail: official: admin.library@bubt.edu.bd
Personal: hakim.shah@bubt.edu.bd


BUBT Library

Copyright © 2021